| 000 | 01215nam a2200337Ia 4500 | ||
|---|---|---|---|
| 001 | Z_6691 | ||
| 003 | CHAP | ||
| 008 | 220113s2014 xx 000 0 und d | ||
| 010 | _a169964 | ||
| 040 | _cCHAP | ||
| 090 | _aTesis H53 2388 | ||
| 100 |
_aHidalgo Moreno, Jorge Angel _9127510 |
||
| 245 |
_aAsociación genética de la fertilidad real con características reproductivas y de crecimiento en bovinos / _cJorge Angel Hidalgo Moreno |
||
| 260 |
_aMéxico : _bEl autor, _c2014 |
||
| 300 | _aCD | ||
| 502 | _aTesis (Maestro en Ciencias en Innovación Ganadera) -- UACh, 2014 \ Dirección: Rafael Nuñez Domínguez; asesoría: Rodolfo Ramírez Valverde y Joel Domínguez Viveros | ||
| 650 |
_aAnálisis bivariados _9145611 |
||
| 650 |
_aCorrelación genética _9145612 |
||
| 650 |
_aGanado bovino _9138033 |
||
| 650 |
_aModelo animal _9145613 |
||
| 650 |
_aRazas brangus, negro, salers y suizo europeo _9145614 |
||
| 700 |
_a Domínguez Viveros, Joel, asesor _9145531 |
||
| 700 |
_a Ramírez Valverde, Rodolfo, asesor _9144574 |
||
| 700 |
_aNuñez Domínguez, Rafael, director _9145245 |
||
| 901 | _aTESIS H53 2388 | ||
| 902 | _aM | ||
| 910 | _a2014 | ||
| 942 | _c2 | ||
| 942 | _c2 | ||
| 999 |
_c169964 _d169964 |
||